| 000 | 00661nam a2200229 a 4500 | ||
|---|---|---|---|
| 001 | 43852 | ||
| 003 | BD-RjUL | ||
| 005 | 20211209053749.0 | ||
| 008 | 160628r19541947nyu 001 0 eng d | ||
| 035 | _a(BD-RjUL)43970 | ||
| 040 |
_aBD-RjUL _beng _cBD-RjUL _dBD-RjUL |
||
| 041 | _aeng | ||
| 082 |
_223 _a341.09 _bNUC 1954 |
||
| 100 | 1 |
_aNussbaum, Arthur, _d1877-1964. _9134765 |
|
| 245 | 1 | 2 |
_aA concise history of the law of nations / _cby Arthur Nussbaum. |
| 250 | _aRev. ed. | ||
| 260 |
_aNew York : _bMacMillan, _c1954. |
||
| 300 |
_axiii, 376 p. ; _c21 cm. |
||
| 500 | _aIncludes index. | ||
| 650 | 0 |
_aInternational law _xHistory. _9134766 |
|
| 942 |
_2ddc _cBK |
||
| 999 |
_c43852 _d43852 |
||